000 00328nam a22001217a 4500
008 181023b xxu||||| |||| 00| 0 eng d
041 _aeng
080 _a940
100 _a16
101 _aSHH
245 _aA Short History of Writing Instruction from Ancient Greece to Twentieth-Century America
_cMurphy,J.J
942 _2udc
_cBK
999 _c50691
_d50691